| 000 | 005860000a22002050004500 | ||
|---|---|---|---|
| 003 | LK-CoMWRAF | ||
| 005 | 20230917210959.0 | ||
| 008 | 230817t1988 ||||| |||| 00| 0 eng d | ||
| 040 |
_aLK-CoMWRAF _dLK-CoMWRAF _eLK-CoMWRAF |
||
| 041 | _aeng | ||
| 082 |
_a297 _bKHO |
||
| 100 | _aKhouj, Abdullah Muhammad | ||
| 245 |
_aThe End of the journey : _bAn Islamic perspective on death and the afterlife |
||
| 260 |
_aWashington : _bThe Islamic center, _c1988 |
||
| 300 | _a99p | ||
| 650 | _aIslam | ||
| 650 | _aReligious aspects-Islam | ||
| 650 | _aQurʾan -- Hermeneutics | ||
| 942 | _cBK | ||
| 999 |
_c1185 _d1185 |
||